Operations management (Record no. 1714)

MARC details
000 -LEADER
fixed length control field 00443nam a2200169 4500
020 ## - INTERNATIONAL STANDARD BOOK NUMBER
ISBN 0071107451
050 ## - CALL NUMBER
Classification number TS155.S7824 STE
100 ## - AUTHOR
Personal name Stevenson William
245 ## - TITLE
Title Operations management
250 ## - EDITION
Edition statement 9th ed.
260 ## - PUBLICATION INFORMATION
Place of publication Boston
300 ## - DESCRIPTION
Number of Pages 903p.
500 ## - NOTES
General note Includes index
505 ## - FORMATTED CONTENTS NOTE
Table of Content Introduction<br/>Forecasting<br/>System design Quality<br/>Supply chain management
650 ## - SUBJECTS
Topical Term Management
General subdivision Operations management
942 ## - ADDED ENTRY ELEMENTS (KOHA)
Koha item type Books
Holdings
Withdrawn status Lost status Collection code Home library Current library Shelving location Date acquired Full call number Accession Number Koha item type
    Reference Methodist University Library Main Methodist University Library Main General Stacks 16/11/2007 TS155.S7824 STE 29147 Books
    Reference Methodist University Library Main Methodist University Library Main General Stacks 16/11/2007 TS155.S7824 STE 29143 Books
Copyright © 2026  MUG Library